000 00790nam a2200265Ia 4500
003 OSt
005 20220930074601.0
006 a|||||r|||| 00| 0
007 ta
008 220926b |||||||| |||| 00| 0 hin d
024 _a75102
037 _cTheses
040 _aCRL
_cCRL
_bhin
041 _2hin
_ahin
100 _aJha Laxmishwar
_9534223
110 _aUniversity of Agra. Faculty of Arts. Department of Sanskrit
_9534224
245 0 _aVedanta siddhant muktavali
_b Ek adhyayan
260 _c1984
300 _a519p.
_ap.
_ccm.
650 _aSANSKRIT
700 _a Dr. Rammurti Sharma Gu.
_9534225
700 _aUniversity of Agra. Faculty of Arts. Department of Sanskrit
_9534226
942 _cDIS
_2CC
999 _c866730
_d866730